| 000 | 00725nam a2200241 c 4500 | ||
|---|---|---|---|
| 003 | BLK | ||
| 005 | 20190913121318.0 | ||
| 008 | 180911b bul|||||r ||||||| ||bul|| | ||
| 010 | _a004463 | ||
| 040 | _aBLK | ||
| 041 | _aFRE | ||
| 080 | _z101(44)(091) | ||
| 100 | 1 |
_aROUSSEAU, Jean-Jacques _eпърви автор |
|
| 245 | 0 | 0 | _aPetits Chefs-d'oeuvre |
| 260 |
_aParis _bFirmin Didot Freres _c1848 |
||
| 300 |
_a4, 533 с., 1 л _bпортр. _c17 см |
||
| 380 | _a1 | ||
| 490 |
_aЧастна колекция - Академик Михаил Арнаудов _gДарение - Основен фонд |
||
| 655 | _aФилософия | ||
| 700 | 1 | _aJ. J. Rousseau | |
| 852 | _aМА 1685 | ||
| 942 |
_cKNG _n0 |
||
| 944 |
_aCR _c1996 _kValK |
||
| 999 |
_c344797 _d344797 |
||